[Event "Sharjah Cup (Women) 7th"]
[Site "Sharjah"]
[Date "2016.12.25"]
[Round "8"]
[White "Razan, Alshaeby"]
[Black "Moskalets, Natalia"]
[Result "0-1"]
[WhiteElo "1859"]
[BlackElo "2144"]
[PlyCount "39"]
[EventDate "2016.12.18"]
[EventType "swiss"]
[EventRounds "9"]
[EventCountry "UAE"]
[SourceTitle "CBM 176 Extra"]
[Source "ChessBase"]
[SourceDate "2017.03.02"]
[SourceVersion "1"]
[SourceVersionDate "2017.03.02"]
[SourceQuality "1"]

1. e4 c5 2. Nf3 Nc6 3. c3 d6 4. d4 Nf6 5. Qc2 Bg4 6. Bb5 Qb6 7. a4 a6 8. a5 Qxb5 9. c4 Nb4 10. Qe2 Qd7 11. d5 g6 12. Nc3 Bxf3 13. gxf3 Bg7 14. Be3 0-0 15. f4 Ng4 16. Bd2 Nc2+ 17. Kf1 Nxa1 18. Qd1 Bd4 19. f3 Nf2 20. Ke1 0-1

[Event "Sharjah Cup (Women) 7th"]
[Site "Sharjah"]
[Date "2016.12.20"]
[Round "3"]
[White "Zozulia, Anna"]
[Black "Moskalets, Natalia"]
[Result "1-0"]
[WhiteElo "2294"]
[BlackElo "2144"]
[PlyCount "33"]
[EventDate "2016.12.18"]
[EventType "swiss"]
[EventRounds "9"]
[EventCountry "UAE"]
[SourceTitle "CBM 176 Extra"]
[Source "ChessBase"]
[SourceDate "2017.03.02"]
[SourceVersion "1"]
[SourceVersionDate "2017.03.02"]
[SourceQuality "1"]

1. e4 Nc6 2. Nf3 e5 3. Nc3 Nf6 4. Bb5 a6 5. Bxc6 dxc6 6. Nxe5 Bd6 7. Nf3 Qe7 8. Qe2 Bg4 9. d3 0-0-0 10. Bd2 Rhe8 11. h3 Bh5 12. 0-0-0 Nd5 13. g4 Nf4 14. Qe3 Bg6 15. e5 Ng2 16. exd6 Qf6 17. d7+ 1-0